[Event "Calvia Amateur op 8th"]
[Site "Calvia"]
[Date "2011.10.08"]
[Round "1"]
[White "Escalante Ortega, Fernando"]
[Black "Scharrer, Patrick"]
[Result "0-1"]
[WhiteElo "1907"]
[BlackElo "2269"]
[PlyCount "48"]
[EventDate "2011.10.08"]
[EventType "swiss"]
[EventRounds "9"]
[EventCountry "ESP"]
[SourceTitle "CBM 144 Extra"]
[Source "ChessBase"]
[SourceDate "2011.10.28"]
[SourceVersion "1"]
[SourceVersionDate "2011.10.28"]
[SourceQuality "1"]

1. e4 g6 2. d4 Bg7 3. f4 c5 4. Nf3 cxd4 5. Nxd4 Nc6 6. Nf3 d6 7. c3 Nf6 8. Bd3 0-0 9. 0-0 b5 10. Qe2 b4 11. cxb4 Nxb4 12. Bc4 d5 13. exd5 Nbxd5 14. Ne5 Bb7 15. b3 Nh5 16. f5 Qc7 17. Nxg6 hxg6 18. fxg6 fxg6 19. Bb2 Qc5+ 20. Kh1 Rxf1+ 21. Qxf1 Bxb2 22. Qe2 Bxa1 23. Qe6+ Kg7 24. Nd2 Qe3 0-1

[Event "Zlatni Rat op 2nd"]
[Site "Bol"]
[Date "2011.09.16"]
[Round "8"]
[White "Kurajica, Bojan"]
[Black "Scharrer, Patrick"]
[Result "1-0"]
[WhiteElo "2524"]
[BlackElo "2269"]
[PlyCount "91"]
[EventDate "2011.09.10"]
[EventType "swiss"]
[EventRounds "9"]
[EventCountry "CRO"]
[SourceTitle "CBM 144 Extra"]
[Source "ChessBase"]
[SourceDate "2011.10.28"]
[SourceVersion "1"]
[SourceVersionDate "2011.10.28"]
[SourceQuality "1"]

1. d4 g6 2. e4 Bg7 3. Nc3 d6 4. f4 a6 5. Nf3 b5 6. e5 Nd7 7. a4 b4 8. Nd5 Rb8 9. a5 Bb7 10. Nxb4 Bxf3 11. Qxf3 Rxb4 12. Bxa6 e6 13. c3 Rb3 14. Bb7 Qb8 15. a6 Qa7 16. Qc6 Ne7 17. Qxc7 Nd5 18. Qc8+ Ke7 19. Qc6 dxe5 20. fxe5 Rxb7 21. Bg5+ f6 22. exf6+ Bxf6 23. Bxf6+ N5xf6 24. Qxb7 Qxb7 25. axb7 Rb8 26. Ra7 Ne8 27. Ke2 Nd6 28. Rha1 Nb5 29. Ra8 Rxb7 30. Kd3 Kd6 31. R8a6+ Ke7 32. b4 Nc7 33. Ra7 Rxa7 34. Rxa7 Kd6 35. c4 Kc6 36. Ra2 Kd6 37. Kc3 h5 38. h4 Nf6 39. b5 Nd7 40. Kb4 Ne8 41. Ra6+ Ke7 42. b6 Nb8 43. Ra8 Nd7 44. c5 Nef6 45. b7 Nd5+ 46. Kb3 1-0